Hydroponics: the Bengal system.

Bibliographic Details
Main Author: Sholto Douglas, James, 1920-
Format: Book
Language:English
Published: [Bombay], [New York] : Indian Branch, Oxford University Press, 1959.
Edition:3d ed.
Subjects:

MARC

Tag First Indicator Second Indicator Subfields
LEADER 00000cam a2200000 4500
001 in00000021115
005 20151007060956.0
008 760308s1959 ii a 00100 eng
010 |a  59016791  
035 |a (OCoLC)02035635 
035 |9 AAD0724AM 
040 |a DLC  |c YOM  |d TXA  |d UtOrBLW 
049 |a TXAM  |c [327110] 
050 0 0 |a SB139  |b .S48 1959 
082 0 |a 631.585 
092 |a 631.585  |b S559h, 1959 
100 1 |a Sholto Douglas, James,  |d 1920- 
245 1 0 |a Hydroponics: the Bengal system. 
250 |a 3d ed. 
264 1 |a [Bombay],  |a [New York] :  |b Indian Branch, Oxford University Press,  |c 1959. 
300 |a 143 pages :  |b illustrations ;  |c 19 cm. 
336 |a text  |b txt  |2 rdacontent 
337 |a unmediated  |b n  |2 rdamedia 
338 |a volume  |b nc  |2 rdacarrier 
650 0 |a Hydroponics. 
999 |a MARS 
999 f f |s 74186736-c0cb-35c5-b735-8fb1dc1d1843  |i 6f2634e5-5eb0-374f-a1ee-67a9670835a6  |t 0 
952 f f |p ric  |a Texas A&M University  |b Rellis Campus  |c Joint Library Facility  |d Remote Storage  |t 0  |e SB139 .S48 1959  |h Library of Congress classification  |i unmediated -- volume  |m A14801069478 
998 f f |a SB139 .S48 1959  |t 0  |l Remote Storage